000 00806nam a22001577a 4500
008 180828b xxu||||| |||| 00| 0 eng d
020 _a086688839X
050 _aRA997.A1 A26
110 _aJoint Commission Resources.
245 _a2004 Accreditation process guide for long term care. /
_cJoint Commission Resources.
260 _aOakbrook Terrace :
_bJoint Commission Resources.
_c2004.
300 _aiv, 165p. :
_bill. ;
_c28 cm.
500 _aIncludes appendixes and index.
505 _aContents: Part I: An overview of the 2004 accreditation process: Types of surveys -- Highlights of the new accreditation process -- The future of the accreditation process -- Part II: The accreditation process in action: Presurvey activities -- On-site survey activities -- Postsurvey activities.
942 _2lcc
_cBK
999 _c6703
_d14203